Statistiken für Super liga Srbije (Serbien) Top 4

Klicken Sie hier um das Quiz zu spielen!

Allgemein

  • Dieses Quiz wurde 50 mal gespielt
  • Das Durchschnittsergebnis liegt bei 5 aus 15

Antwortstatistiken

Antwort% Korrekt
FK Crvena zvezda
100%
FK Partizan
93%
FK Radnički Niš
59%
FK Rad Beograd
48%
FK Vojvodina
48%
FK Čukarički
41%
FK TSC
34%
OFK Beograd
25%
FK Spartak Subotica
23%
Spartak Zlatibor Voda
23%
FK Jagodina
16%
FK Javor Ivanjica
14%
FK Mladost Lučani
14%
FK Borac Čačak⁠
7%
FK Bežanija
2%

Verteilung der Resultate

Perzentil nach korrekt beantworteten Fragen

Anzahl Personen mit jedem Resultat

Ihre Resultats-Entwicklung

Sie haben dieses Quiz noch nicht gespielt